La liquidation des biens des concubins

Guardado en:
Detalles Bibliográficos
Autor principal: Demain, Bernard (Autor)
Formato: Libro
Lenguaje:francés
Publicado: París Librairie Générale de Droit et de Jurisprudence 1968
Colección:Bibliothèque de Droit Privé, 86
Materias:
Etiquetas: Agregar Etiqueta
Sin Etiquetas, Sea el primero en etiquetar este registro!

MARC

LEADER 00000nam a2200000 a 4500
001 UCS1191
003 CL-VaPUC
008 970509e19680000FR |||||||||||||||||fre|d
082 0 4 |a 346.016  |b DEM  |2 21 
100 0 |a Demain, Bernard  |e author  |9 385424 
245 1 3 |a La liquidation des biens des concubins 
300 |a 160 p 
942 |c BK 
945 |d 19970509 00:00:00  |a cmena 
260 |a París  |b Librairie Générale de Droit et de Jurisprudence  |c 1968 
650 0 |a Derecho civil  |9 255013 
650 0 |a Derecho privado  |9 258243 
650 7 |a MATRIMONIO  |2 CL-VaPUC  |9 385425 
650 7 |a CONCUBINATO  |2 CL-VaPUC  |9 385384 
650 7 |a BIENES GANANCIALES  |2 CL-VaPUC  |9 333667 
650 0 |a Bienes  |9 255749 
650 0 |a Contratos  |9 255153 
650 7 |a RESPONSABILIDAD CIVIL  |2 CL-VaPUC  |9 385426 
651 0 |a Francia  |9 255157 
583 |a last modification  |c 19970509 00:00:00  |k Rodrigo Vera 
490 0 |a Bibliothèque de Droit Privé, 86 
999 |c 259293  |d 259291 
952 |0 0  |1 0  |4 0  |6 346_016000000000000_DEM_1968  |7 0  |8 A  |9 283946  |a BIBDER  |b BIBDER  |d 2019-11-19  |i 1849158  |o 346.016 DEM 1968  |p 1849158  |r 2023-01-25  |w 2019-11-19  |y BK  |k DER